00778nam a2200229 i 450000100060000000300090000600500170001500700030003200800410003510000280007624500710010426000470017530000210022249000240024365000360026765000220030371000330032583000320035885200210039099900170041195201200042823145ES-MaACL20250817062547.0t|021209s1977 sp |||| | spa d1 aAlonso, Julio A.92022010aTransferencia de carga en aleaciones binarias / cJulio A. Alonso. aMadrid : bFundación Juan March, c1977. a49 p. ; c21 cm.1 aSerie universitaria 4aTransferencia de carga.9165296 aAleaciones.997132 aFundación Juan March943460 aSerie universitaria9180747 aES-MaACLjA-7142 c23145d23145 00104070aATENEOMbATENEOMcSPP1d2008-01-17eSCl0oA-7142p1023845r2023-02-23 00:00:00w2023-02-23yMONOGRAFIA